00613nam a2200217Ia 4500001000800000003000500008005001700013008004100030010001100071020001800082040000900100082002000109100002300129245010400152260003100256300001100287503000700298650002000305650003300325700003700358dia_233CHAP20251023152147.0220117s1966 xx 000 0 und d a172591 a968-26-0876-7 cCHAP a621.31 C36 1966 aCamarena M., Pedro aManual de instalaciones eléctricas residenciales /c Pedro Camarena M. y Oscar Schrader Camarena aMéxico :b CECSA,c1966 a191 p. aD. aElectric wiring aInstalaciones eléctricas  aSchrader Camarena, Oscar, coaut.